Statistics for Biggest Cities in the European Union by Letter - K

Click here to take the quiz!

General Stats

  • This quiz has been taken 146 times
  • The average score is 7 of 20

Answer Stats

Rank Population Country Hints City % Correct
1761,000PolandSecond-biggest cityKraków
99%
3300,000PolandMain city in Upper SilesiaKatowice
67%
5287,000United KingdomLong form of HullKingston upon Hull
67%
4293,000LithuaniaLaisves alejaKaunas
58%
6246,000GermanySailing eventsKiel
58%
2308,000GermanySeat of Federal Constitutional CourtKarlsruhe
48%
7239,000SlovakiaEuropean Capital of Culture 2013Kosice
41%
10198,000GermanyBergpark WilhelmshöheKassel
35%
13113,000GermanyWhere the Moselle flows into the RhineKoblenz
33%
11151,000LithuaniaLargest port of LithuaniaKlaipeda
33%
2083,000GermanyLake Constance, near SwitzerlandKonstanz
33%
17100,000AustriaOn the WörtherseeKlagenfurt
32%
1899,000GermanySoccer team known as 'Die roten Teufel'Kaiserslautern
30%
12118,000FinlandNorthern SavoniaKuopio
26%
15108,000PolandWestern Pomerania, formerly known as KöslinKoszalin
18%
14112,000HungaryBetween Budapest and SzegedKecskemét
16%
9198,000PolandLimestone miningKielce
15%
8225,000GermanyVelvet and Silk CityKrefeld
13%
1985,000FinlandVerla factoryKouvola
12%
16103,000PolandProsna River, folk artKalisz
7%

Score Distribution

Percentile by Number Answered

Percent of People with Each Score

Your Score History

You have not taken this quiz